000 00301 a2200133 4500
001 194960
040 _cMagnum
100 _aSousa, Maurício de
240 1 0 _aAlmanaque Piteco e Horário
_lpor
245 1 0 _aAlmanaque Piteco e Horário
300 _a76
697 _aLITERATURA INFANTO
942 _cBK
999 _c194960
_d194960